MARC

LEADER 00000nbm0a2200000 4500
001 168676
005 20231031163157.0
035 |a (RuTPU)RU\TPU\book\182994 
090 |a 168676 
100 |a 20091030d1973 k y0rusy50 ca 
101 0 |a rus 
102 |a RU 
105 |a a p 001zy 
200 1 |a Исследование естественного импульсного электромагнитного поля в районе Чарвакской ГЭС  |e Отчет о НИР  |f Томский политехнический институт (ТПИ) ; руководитель А. А. Воробьев ; М. А. Самхвалов, М. Т. Усманова, А. Ф. Горелкин 
210 |a Томск  |d 1973 
215 |a 25 л. 
320 |a Библиогр.: с. 25. 
610 1 |a отчеты о НИР 
610 1 |a импульсное электромагнитное поле 
610 1 |a Чарвакская ГЭС 
610 1 |a гидроэлектрические станции 
610 1 |a импульсы 
610 1 |a измерения 
610 1 |a аппаратура 
610 1 |a горные породы 
610 1 |a радиоизлучение 
610 1 |a труды учёных ТПУ 
675 |a 550.3(04)  |v 3 
702 1 |a Воробьев  |b А. А.  |c российский физик  |c ректор Томского политехнического института, профессор  |f 1909-1981  |g Александр Акимович  |2 stltpush  |3 (RuTPU)RU\TPU\pers\12805  |4 673 
702 1 |a Самхвалов  |b М. А.  |4 677 
702 1 |a Усманова  |b М. Т.  |4 677 
702 1 |a Горелкин  |b А. Ф.  |4 677 
712 0 2 |a Томский политехнический институт (ТПИ)  |c (1944-1991)  |2 stltpush  |3 (RuTPU)RU\TPU\col\1123  |4 595 
801 1 |a RU  |b 63413507  |c 20091030 
801 2 |a RU  |b 63413507  |c 20091217  |g RCR 
942 |c BK